| 000 | 00874nam a22002777a 4500 | ||
|---|---|---|---|
| 003 | CHAP | ||
| 005 | 20220329134441.0 | ||
| 008 | 971013c19801956 r 00010 d | ||
| 010 | _a20651 | ||
| 011 | _a21623 | ||
| 035 | _a25713 | ||
| 040 | _cCHAP | ||
| 082 |
_a631.372 _bA7 |
||
| 100 | 0 | 0 |
_aArias-Paz Guitian, Manuel. _97083 |
| 245 | _aTractores | ||
| 260 |
_aMadrid : _bDossat, _c1980(c.1956) |
||
| 300 |
_a402 p. _b: ilus |
||
| 590 |
_aBATCH-UPD _b10 _c20130110 _lUCH01 _h1846 |
||
| 590 |
_aCONVERSION _b10 _c20130109 _lUCH01 _h1312 |
||
| 650 | 1 | 4 |
_aTractores. _9114574 |
| 901 | _aBK | ||
| 942 | _cLIBRO | ||
| 949 |
_a631.372 A7 _bBC _cLIBRO _d33724000579371 _eLIBRO _fc.3 _h53883 _i25713 _si _t355.00 |
||
| 949 |
_a631.372 A7 _bBC _cLIBRO _d33724000602181 _eLIBRO _h53881 _i25713 _si _t355.00 |
||
| 949 |
_a631.372 A7 _bBC _cLIBRO _d33724000941050 _eLIBRO _fc.5 _h54123 _i25713 _si _t355.00 |
||
| 999 |
_c20651 _d20651 |
||